Central Library OPAC University of Rajshahi

Inferences from sociological survey data--a unified approach / (Record no. 70430)

MARC details
000 -LEADER
fixed length control field 01076nam a2200325 a 4500
001 - CONTROL NUMBER
control field 70430
003 - CONTROL NUMBER IDENTIFIER
rucl marc code BD-RjUL
005 - DATE AND TIME OF LATEST TRANSACTION
control field 20211209082010.0
008 - FIXED-LENGTH DATA ELEMENTS--GENERAL INFORMATION
fixed length control field 170317s1973 caua b 001 0 eng
020 ## - INTERNATIONAL STANDARD BOOK NUMBER
International Standard Book Number 0875891845
035 ## - SYSTEM CONTROL NUMBER
System control number (BD-RjUL)70644
System control number GLIS00495252
040 ## - CATALOGING SOURCE
Original cataloging agency DLC
Transcribing agency DLC
Modifying agency RCD
-- BD-RjUL
Language of cataloging eng
041 ## - LANGUAGE CODE
Language code of text/sound track or separate title eng
082 ## - DEWEY DECIMAL CLASSIFICATION NUMBER
Edition number 23
Classification number 301.0727
Author mark and year LII 1973
100 1# - MAIN ENTRY--PERSONAL NAME
Personal name Lindsey, James K.
9 (RLIN) 208512
245 10 - TITLE STATEMENT
Title Inferences from sociological survey data--a unified approach /
Statement of responsibility, etc. J. K. Lindsey.
260 ## - PUBLICATION, DISTRIBUTION, ETC. (IMPRINT)
Place of publication, distribution, etc. San Francisco,
Name of publisher, distributor, etc. Jossey-Bass,
Date of publication, distribution, etc. 1973.
300 ## - PHYSICAL DESCRIPTION
Pagination xii, 163 p. :
Illustrations ill. ;
Size 24 cm.
490 1# - SERIES STATEMENT
Series statement Progress in mathematical social sciences
Series statement Jossey-Bass/Elsevier international series
504 ## - BIBLIOGRAPHY, ETC. NOTE
Bibliography, etc Bibliography: p. 157-159.
650 #0 - SUBJECT ADDED ENTRY--TOPICAL TERM
Topical term or geographic name as entry element Sociology
General subdivision Statistical methods.
9 (RLIN) 208513
Topical term or geographic name as entry element Social surveys.
9 (RLIN) 208514
Topical term or geographic name as entry element Probabilities.
9 (RLIN) 208515
830 #0 - SERIES ADDED ENTRY--UNIFORM TITLE
Uniform title Progress in mathematical social sciences.
Uniform title Jossey-Bass/Elsevier international series.
942 ## - ADDED ENTRY ELEMENTS (KOHA)
Source of classification or shelving scheme Dewey Decimal Classification
Koha item type Books
949 ## - LOCAL PROCESSING INFORMATION (OCLC)
a MYGD
-- MYGR
Holdings
Lost status Source of classification or shelving scheme Damaged status Not for loan Collection code Permanent Location Current Location Shelving location Date acquired Source of acquisition Total Checkouts Full call number Date last seen Copy number Koha item type
  Dewey Decimal Classification   Not For Loan Non-fiction Central Library, University of Rajshahi Central Library, University of Rajshahi Reading Room 03/10/1980 Netherland   301.0727 LII 1973 17/04/2017 C-1 Books